000 00570nmm a2200181Ia 4500
008 251105s9999||||xx |||||||||||||||||und||
020 _a9781611173932
041 _aeng
100 _aClark, Robert C.
245 0 _aReflections of South Carolina
264 _a[Washington, Estados Unidos] :
_bUniversity of South Carolina Press,
_c[Fecha de publicación no identificada]
300 _a0 pƔginas
700 _aClark, Robert C.
700 1 _a Poland, Tom
700 1 _a Monroe, Mary Alice
856 _uhttps://public.digitaliapublishing.com/a/83408
942 _cCF
999 _c64026
_d64026